Statystyki dla Top 3 strzelców z każdej drużyny PL 22/23

Kliknij tutaj aby rozwiązać quiz!

Ogólne statystyki

  • Ten quiz został rozwiązany 30 razy
  • Średni wynik to 23 z 60

Statystyki odpowiedzi

DrużynaGoleZawodnik% Poprawnych
City36Haaland
93%
Arsenal15Martinelli
86%
Arsenal14Saka
86%
Liverpool19Salah
86%
Aston V15Watkins
86%
Liverpool9Nunez
82%
United17Rashford
79%
Tottenham10Son
79%
Tottenham30Kane
75%
Arsenal15Odegaard
75%
Newcaste10Isak
71%
Brentford20Toney
71%
City9Alvarez
64%
United8Fernandes
64%
City11Foden
61%
Bournemouth6Solanke
61%
Chelsea6Sterling
57%
Newcaste18Wilson
54%
Newcaste11Almiron
50%
Westham6Bowen
50%
Leicester10Maddison
50%
Brighton7Mitoma
50%
Liverpool11Firmino
46%
Fulham14Mitrović
46%
Palace10Eze
43%
Chelsea7Havertz
43%
Westham8Ings
39%
Palace7Zaha
39%
Leicester13Barnes
36%
Brentford9Mbeumo
36%
Brighton9Gross
32%
Leicester5Iheanacho
32%
Aston V6Luiz
29%
Palace5Edouard
25%
Southampton9Ward-Prowse
25%
Fulham5Willian
25%
Brentford7Wissa
25%
Bournemouth7Billing
21%
Brighton10Mac Allister
21%
Southampton5Adams
18%
Nottingham5Gibbs-White
18%
Leeds5Harrison
18%
United6Sancho
18%
Nottingham10Awoniyi
14%
Tottenham5Bentancur
14%
Nottingham8Johnson
14%
Everton7McNeil
14%
Leeds13Rodrigo
14%
Wolves6Neves
11%
Wolves6Podence
11%
Aston V6Ramsey
11%
Leeds5Sinisterra
11%
Southampton4Alcaraz
7%
Westham6Benrahma
7%
Everton4Gray
7%
Wolves3Hwang
7%
Everton5Doucure
4%
Chelsea4Felix
4%
Bournemouth5Lerma
4%
Fulham5Vinicius
0%

Rozkład punktacji

Percentyl według liczby udzielonych odpowiedzi

Procent ludzi z każdym wynikiem

Twoja historia wyników

Nie rozwiązałeś tego quizu